Footballers Brothers - Statistics

General Stats
  • This quiz has been taken 60 times
  • The average score is 22 of 40
Answer Stats
Names Last Name % Correct
Kylian, Ethan Mbappe
100%
Thorgan, Eden, Kylian Hazard
96%
Romelu, Jordan Lukaku
91%
Yaya, Kolo Toure
91%
Taulant, Granit Xhaka
91%
Lucas, Theo Hernandez
88%
Jude, Jobe Bellingham
86%
Jerome, Kevin-Prince Boateng
84%
Gary, Phil Neville
82%
Nico, Inaki Williams
82%
Rafinha, Thiago Alcantara
80%
Filippo, Simone Inzaghi
73%
Bobby, Jack Charlton
68%
Anton, Rio Ferdinand
68%
Marcus, Khephren Thuram
64%
Ronald, Frank De Boer
63%
Siem, Luuk De Jong
59%
Ronald, Erwin Koeman
57%
Felix, Toni Kroos
55%
Michael, Brian Laudrup
55%
Sami, Rani Khedira
54%
Rafael, Fabio Da Silva
48%
Sven, Lars Bender
46%
Fabio, Paolo Cannavaro
43%
Antonio, Gianluigi Donnarumma
43%
Paul, Florentin, Mathias Pogba
43%
Hamit, Halil Altintop
41%
Sofyan, Nordin Amrabat
41%
Andre, Jordan, Ibrahim Ayew
41%
Bradley, Shaun Wright-Phillips
36%
Shola, Sammy Ameobi
32%
Sanja, Vanja Milinković-Savić
32%
Giovani, Jonathan Dos Santos
30%
Franco, Giuseppe Baresi
29%
Niko, Robert Kovač
29%
Alexis, Kevin Mac Allister
25%
Gabriel, Diego Milito
23%
Aleksei, Vasili Berezutski
16%
Jonathan, Christian Benteke
11%
Philipp, David Degen
7%
No matching quizzes found
Score Distribution
Percent of People with Each Score
Percentile by Number Answered
Your Score History
You have not taken this quiz